|
|
|
|
| LEADER |
00945nam a2200253 a 4500 |
| 001 |
2709484 |
| 008 |
100116s1971 nyua b 001 0 eng d |
| 010 |
|
|
|a 76137657
|
| 020 |
|
|
|a 0030791057
|
| 040 |
|
|
|a DLC
|c DLC
|d DLC
|d BD-DhAAL
|
| 082 |
0 |
0 |
|a 658.8
|
| 100 |
1 |
|
|a Robertson, Thomas S.
|
| 245 |
1 |
0 |
|a Innovative behavior and communication /
|c Thomas S. Robertson.
|
| 260 |
|
|
|a New York :
|b Holt, Rinehart and Winston,
|c 1971
|
| 300 |
|
|
|a xiv, 331 p. :
|b illus. ;
|c 24 cm.
|
| 490 |
0 |
|
|a Editors' series in marketing
|
| 504 |
|
|
|a Bibliography: (p. 295-320) and index.
|
| 541 |
1 |
|
|e 00003339
|
| 650 |
|
0 |
|a Marketing.
|
| 650 |
|
0 |
|a Diffusion of innovations.
|
| 650 |
|
0 |
|a New products.
|
| 852 |
4 |
|
|a Ayesha Abed Library
|j General Shelf.
|
| 999 |
|
|
|c 7025
|d 7025
|
| 952 |
|
|
|0 0
|1 0
|2 ddc
|4 0
|6 658_800000000000000_ROB_1971
|7 0
|9 7280
|a BRACUL
|b BRACUL
|c GEN
|d 2010-01-17
|g 0.00
|l 2
|o 658.8 ROB
|p 3010003339
|r 2019-04-03
|s 2019-01-29
|t 1
|w 2010-01-17
|y BK
|z Not price in Register
|